| 000 | 01237nam a2200313Ia 4500 | ||
|---|---|---|---|
| 001 | ebr10135528 | ||
| 003 | CaPaEBR | ||
| 006 | m u | ||
| 007 | cr cn||||||||| | ||
| 008 | 031010s2004 nyu sb 001 0 eng d | ||
| 010 | _z 2003063227 | ||
| 020 | _z1403979456 | ||
| 020 | _z1403965897 | ||
| 040 |
_aCaPaEBR _cCaPaEBR |
||
| 035 | _a(OCoLC)123545900 | ||
| 050 | 1 | 4 |
_aDR479.I78 _bB46 2004eb |
| 100 | 1 | _aBengio, Ofra. | |
| 245 | 1 | 4 |
_aThe Turkish-Israeli relationship _h[electronic resource] : _bchanging ties of Middle Eastern outsiders / _cOfra Bengio. |
| 260 |
_aNew York : _bPalgrave Macmillan, _c2004. |
||
| 300 | _axi, 236 p. | ||
| 504 | _aIncludes bibliographical references (p. [177]-224) and index. | ||
| 533 |
_aElectronic reproduction. _bPalo Alto, Calif. : _cebrary, _d2009. _nAvailable via World Wide Web. _nAccess may be limited to ebrary affiliated libraries. |
||
| 650 | 0 | _aInternational relations. | |
| 651 | 0 |
_aTurkey _xForeign relations _zIsrael. |
|
| 651 | 0 |
_aIsrael _xForeign relations _zTurkey. |
|
| 655 | 7 |
_aElectronic books. _2local |
|
| 710 | 2 | _aebrary, Inc. | |
| 856 | 4 | 0 |
_uhttp://site.ebrary.com/lib/rucke/Doc?id=10135528 _zAn electronic book accessible through the World Wide Web; click to view |
| 999 |
_c187905 _d187905 |
||